Television Revivals Quiz Stats

 Plays Quiz Updated Mar 15, 2019

Score 0/20 Timer 05:00
3 Plays Today
% Correct
Family Guy
96.1%
The X-Files
91.4%
Futurama
87.4%
Gilmore Girls -- Gilmore Girls: A Year in the Life
85.3%
24 -- 24: Live Another Day
84.4%
Roseanne
83.4%
Will & Grace
83%
Dallas
81.6%
Prison Break
77.4%
Arrested Development
69.5%
% Correct
Whose Line Is It Anyway?
68%
Curb Your Enthusiasm
65.7%
Leave It to Beaver -- The New Leave It to Beaver
65.1%
Doctor Who
55.6%
Twin Peaks
53.5%
Murphy Brown
51.2%
Get Smart
49.7%
WKRP in Cincinnati -- The New WKRP in Cincinnati
40.9%
Mission: Impossible
37.9%
The Carol Burnett Show
31.9%

You're not logged in!

Compare scores with friends on all Sporcle quizzes.
OR
Log In

Sporcle TV

Today on Sporcle TV


Watch our educational content, quiz creation guides, and fun videos on Sporcle TV.

Show Comments

Extras

Top Quizzes Today


Score Distribution

Your Account Isn't Verified!

In order to create a playlist on Sporcle, you need to verify the email address you used during registration. Go to your Sporcle Settings to finish the process.

Report this User

Report this user for behavior that violates our Community Guidelines.

Details: